000 00549nam a2200205Ia 4500
005 20250326144808.0
008 250326s9999 xx 000 0 und d
020 _a0-7506-6674-9
037 _aTextbook
040 _aFMSL
_beng
_cFMSL
041 _aeng
_2eng
084 _aX:51 P6
_qFMSL
100 _aMudie P
245 0 _aServices marketing management
_cMudie P; Pirrie A
250 _a3
260 _aNew Delhi
_bNew Delhi, Butterworth-Heinemann
_c2006
300 _a267p
942 _cTB
_hX:51 P6
999 _c1305088
_d1305088